000 01563nam0a2200349 4500
001 RU\NLR\BIBL_A\022260968
005 20250627120538.0
010 _a978-5-93439-663-4
_9500
035 _a(NLR Aleph) 022260968
090 _a13322582
_c13322582
100 _a20240625d2024 |||y0rusy50 ca
101 0 _arus
102 _aRU
105 _ay|||z|||000yy
181 0 _ai4
_baxxe
182 0 _an
200 1 _aМодель внешней политики Китая и ее реализация в XXI веке
_eмонография
_fС. Р. Ушурова, О. В. Дубкова
203 _aТекст
_bвизуальный
_cнепосредственный
210 _aМосква
_cР.Валент
_d2024
215 _a339 с.
_d22
225 1 _aСерия книг "Мир Поднебесной"
300 _aНа обл. загл. также на кит. яз.
300 _aНа 4-й с. обл. авт.: Ушурова С. Р., канд. юрид. наук, проф., продюсер, Дубкова О. В., канд. филол. наук, проф.
320 _aБиблиогр.: с. 307-339
607 _aКитайская Народная Республика
_xВнешняя политика
_z21 в.
_92310935
_3RU\NLR\AUTH\661383073
686 1 _aТ3(5Кит)72-6
700 1 _aУшурова
_bС. Р.
_gСофия Рамазановна
701 1 _aДубкова
_bО. В.
_gОльга Владимировна
942 _cBOOK
980 _aNB